[Event "Nagoya Open"]
[Date "2007.05.27"]
[Round "4"]
[White "Morimoto,K"]
[Black "Fujisawa,H"]
[Result "1/2-1/2"]
[WhiteElo "1412"]
[BlackElo "1735"]
1.e4 c5 2.Nf3 Nc6 3.Nc3 d6 4.d4 cxd4 5.Nxd4 Nf6 6.Bb5 Bd7 7.Nxc6 bxc6 8.Bd3 g6 9.Ne2 Bg7 10.c3 O-O 11.O-O c5 12.Ng3 Rb8 13.f4 Qb6 14.Kh1 Ng4 15.Qf3 h5 16.h3 Nf6 17.f5 h4 18.Ne2 Nh5 19.Nf4 Ng3+ 20.Kh2 Be5 21.Rf2 g5 22.Nd5 Qd8 23.Kg1 f6 24.Bc4 Kg7 25.Ne3 Bc6 26.Nd5 Be8 27.Rc2 Bh5 28.Qd3 Bf7 29.Ne3 Bh5 30.Nf1 Qe8 31.Be3 g4 32.Bf2 Rh8 33.Bxg3 hxg3 34.Nxg3 Bf7 35.Bxf7 Qxf7 36.hxg4 Bxg3 37.Qxg3 Rbg8 38.Kf2 Kf8 39.b4 Qc4 40.Qf3 cxb4 41.Rac1 Qc5+ 42.Kg3 Qe5+ 43.Qf4 Rxg4+ 44.Kxg4 Rh4+ 45.Kxh4 Qxf4+ 46.Kh3 bxc3 47.Rxc3 Qxe4 48.g4 a5 49.Kh4 Qe2 50.R3c2 Qe3 51.Rc3 1/2-1/2

[Event "Nagoya Open"]
[Date "2007.05.27"]
[Round "4"]
[White "Iwaki,R"]
[Black "Sawamura,T"]
[Result "1/2-1/2"]
[WhiteElo "400"]
[BlackElo "1716"]
1.e4 c6 2.d4 d5 3.Nd2 dxe4 4.Nxe4 Nf6 5.Ng3 Bg4 6.Be2 Bxe2 7.N1xe2 e6 8.O-O Bd6 9.Bf4 Nd5 10.Be5 Bxe5 11.dxe5 Nd7 12.c4 Ne7 13.Qd4 Qc7 14.f4 Qb6 15.Qxb6 Nxb6 16.b3 O-O-O 17.Ne4 Nf5 18.N2g3 Nxg3 19.hxg3 Rd7 20.Rad1 Rhd8 21.Rxd7 Rxd7 22.Nd6+ Kb8 23.a4 Nc8 24.c5 a5 25.Rb1 Ne7 26.Nxf7 Nf5 27.Nd6 Nxg3 28.b4 Ne2+ 29.Kf2 Nc3 30.Rb3 axb4 31.Rxb4 Nd5 32.Rc4 Nc7 33.g3 g6 34.Kf3 h5 35.Rc1 Na6 36.Ke4 Rh7 37.Kd4 h4 38.gxh4 Rxh4 39.Ke3 Rh3+ 40.Kf2 Rh2+ 41.Kg3 Ra2 42.Rc4 Ra1 43.Kh4 Rg1 44.Rc2 Ra1 45.Rc4 1/2-1/2

[Event "Nagoya Open"]
[Date "2007.05.27"]
[Round "5"]
[White "Bibby,S"]
[Black "Gonda,G"]
[Result "1-0 "]
[WhiteElo "2219"]
[BlackElo "2033"]
1.d4 Nf6 2.Nf3 e6 3.Bg5 d5 4.Nbd2 c5 5.e3 Nbd7 6.c3 Be7 7.Bd3 b6 8.Ne5 Nxe5 9.dxe5 Nd7 10.Bxe7 Qxe7 11.f4 c4 12.Bc2 Bb7 13.Ba4 O-O 14.Bxd7 Qxd7 15.Nf3 b5 16.O-O a5 17.Nd4 g6 18.Qg4 f5 19.Qh4 b4 20.g4 fxg4 21.Qxg4 Bc8 22.Rf2 Rf7 23.h4 Rg7 24.Qg5 Qe7 25.Qh6 Bd7 26.Rg2 Rf8 27.a3 Bc8 28.axb4 axb4 29.Kh2 Qb7 30.Qg5 bxc3 31.bxc3 Rff7 32.Kh3 Qe7 33.Ra8 Rf8 34.Qg3 Qb7 35.Ra1 Qe7 36.Rb2 h6 37.Rg2 h5 38.Rb2 Kh7 39.Rb6 Re8 40.Rd6 Qb7 41.Qf2 Rge7 42.Qc2 Rg7 43.Qa2 Rge7 44.Rb1 Qa7 45.Qc2 Rb7 46.Rg1 Rg7 47.Qb1 Qa3 48.Nb5 Qc5 49.Nd4 Qa3 50.Qc1 Ra7 51.Qc2 Rg7 52.Rb6 Qa5 53.Rgb1 Ra7 54.Nc6 Qa4 55.Qb2 Ra6 56.Rxa6 Qxa6 57.Nd4 Qa7 58.Qb8 Qxb8 59.Rxb8 Kg7 60.Kg3 Kf7 61.Nc6 Kf8 62.Nd4 Kf7 63.Kf2 Bd7 64.Rb7 Re7 65.Nf3 Kg7 66.Ng5 Kf8 67.Rb6 Kg7 68.Ke1 Kf8 69.Kd2 Kg7 70.Kc1 Bc8 71.Rc6 Bd7 72.Rc7 Kf8 73.Kb2 Ke8 74.Rb7 Bc8 75.Rb6 Kd7 76.Ka3 Kc7 77.Rd6 Bd7 78.Kb4 Re8 79.Kc5 Bc8 80.Rc6+ Kd7 81.Kb6 Kd8 82.Rc7 Bd7 83.Ra7 Ke7 84.Nh7 Rb8+ 85.Kc5 Rb5+ 86.Kd4 Rb1 87.Nf6 Rd1+ 88.Kc5 Rd3 89.Rxd7+ Kf8 90.Kd6 1-0

[Event "Nagoya Open"]
[Date "2007.05.27"]
[Round "5"]
[White "Shiomi,R"]
[Black "Kojima,S"]
[Result "0-1"]
[WhiteElo "2073"]
[BlackElo "2189"]
1.e4 d6 2.d4 Nf6 3.Nc3 e5 4.Nf3 Nbd7 5.Bc4 Be7 6.O-O O-O 7.a4 c6 8.Ba2 b6 9.Qe2 a6 10.Rd1 Qc7 11.h3 Bb7 12.Bg5 Rfe8 13.dxe5 dxe5 14.Nh4 b5 15.Nf5 Bf8 16.Qf3 b4 17.Ne2 c5 18.Neg3 c4 19.Nh6+ gxh6 20.Bxf6 Nxf6 21.Qxf6 Re6 22.Qf3 Rg6 23.Rd2 Bc8 24.Rad1 Be6 25.Kh2 c3 26.Rd7 Qc6 27.R1d6 Bxd6 28.Bxe6 Rf8 29.Bf5 cxb2 30.Qd1 Bc5 31.Qb1 Bxf2 32.Bxg6 Bxg3+ 33.Kxg3 Qxd7 34.Bf5 Qd2 0-1

[Event "Nagoya Open"]
[Date "2007.05.27"]
[Round "5"]
[White "Looijmans,K"]
[Black "Irie,Y"]
[Result "1/2-1/2"]
[WhiteElo "2042"]
[BlackElo "1986"]
1.e4 e5 2.Nf3 Nc6 3.Bb5 a6 4.Ba4 Nf6 5.O-O Be7 6.Qe2 b5 7.Bb3 O-O 8.c3 d6 9.d4 Bb7 10.Rd1 Qc8 11.a4 b4 12.Nbd2 a5 13.Bc4 bxc3 14.bxc3 Nd7 15.Nf1 Nb6 16.Ne3 Bf6 17.h3 Ba6 18.Bb5 g6 19.Ng4 Bg7 20.Nh6+ Kh8 21.Qa2 Nd8 22.dxe5 dxe5 23.Bg5 Ne6 24.Ng4 Bxb5 25.axb5 Qe8 26.c4 Nxg5 27.Nxg5 Qe7 28.Nf3 f5 29.exf5 gxf5 30.Ngxe5 Bxe5 31.Re1 Nd7 32.Nxe5 Nxe5 33.Qb2 Rae8 34.f4 Qc5+ 35.Kh1 Qxc4 36.fxe5 Qb4 37.Qe2 Re6 38.Qd3 Rfe8 39.Qxf5 Qxb5 40.Rab1 Qd5 41.Rbd1 Qc5 42.Rd7 Rh6 43.Qf7 Rg8 44.Rxc7 Qb4 45.Re2 Rxh3+ 46.Kg1 Qb1+ 47.Kf2 Qb6+ 48.Ke1 Rh1+ 49.Kd2 Rd8+ 50.Rd7 Qb2+ 51.Ke3 Qxe5+ 52.Kf3 Rf1+ 53.Rf2 Qc3+ 54.Kg4 Rg8+ 55.Qxg8+ Kxg8 56.Rd8+ Kg7 57.Rd7+ Kg8 58.Rd8+ Kg7 1/2-1/2

[Event "Nagoya Open"]
[Date "2007.05.27"]
[Round "5"]
[White "Nanjo,R"]
[Black "Takahashi,R"]
[Result "1-0"]
[WhiteElo "2231"]
[BlackElo "1984"]
1.d4 Nf6 2.c4 e6 3.Nc3 d5 4.cxd5 exd5 5.Bg5 Be7 6.e3 O-O 7.Bd3 c6 8.Qc2 Nbd7 9.Nge2 Re8 10.O-O Nf8 11.f3 Be6 12.Rad1 N6d7 13.Bxe7 Qxe7 14.e4 Rac8 15.Kh1 Nb6 16.e5 c5 17.Bb5 Red8 18.f4 Bg4 19.Rd2 Ne6 20.Qd3 Bxe2 21.Nxe2 a6 22.f5 Nxd4 23.Nxd4 cxd4 24.Qxd4 axb5 25.Qxb6 Qxe5 26.Qxb5 h5 27.h3 Rc7 28.f6 gxf6 29.Re2 Qg5 30.Qb6 Rdd7 31.Rxf6 Kg7 32.Rf3 Re7 33.Qd4+ Kh7 34.Qd3+ Qg6 35.Rf5 Rxe2 36.Rxh5+ Kg8 37.Qxe2 Rc1+ 38.Kh2 Qd6+ 39.g3 Qc6 40.Qg4+ Kf8 41.Rh8+ Ke7 42.Qg5+ f6 43.Rh7+ Ke6 44.Qe3+ 1-0

[Event "Nagoya Open"]
[Date "2007.05.27"]
[Round "5"]
[White "Noguchi,K"]
[Black "Mori,T"]
[Result "0-1"]
[WhiteElo "1979"]
[BlackElo "1740"]
1.c4 e5 2.g3 g6 3.Bg2 Bg7 4.Nc3 Nc6 5.e4 d6 6.Nge2 Be6 7.Nd5 Nge7 8.d3 O-O 9.O-O Qd7 10.Be3 Nd8 11.d4 c6 12.Nxe7+ Qxe7 13.d5 Bd7 14.Nc3 c5 15.a3 f5 16.f3 h5 17.b4 b6 18.Rb1 h4 19.Bf2 hxg3 20.hxg3 Qg5 21.bxc5 bxc5 22.Bh3 Rf7 23.Kg2 Bf8 24.Rh1 Rh7 25.Rb3 Qf6 26.Qd3 Rc8 27.Rbb1 Rc7 28.Qd2 Nf7 29.Be3 Bh6 30.Rb8+ Kg7 31.Bxh6+ Rxh6 32.f4 exf4 33.gxf4 g5 34.Bxf5 Rxh1 35.Kxh1 Bxf5 36.exf5 Qxf5 37.Nb5 Re7 38.Qb2+ Kh7 39.Qh2+ Nh6 40.Nxd6 Re1+ 41.Kg2 Qg4+ 0-1

[Event "Nagoya Open"]
[Date "2007.05.27"]
[Round "5"]
[White "Akai,K"]
[Black "Lacang,P"]
[Result "1/2-1/2"]
[WhiteElo "1883"]
[BlackElo "1740"]
1.d4 Nf6 2.c4 d6 3.Nf3 g6 4.g3 Bg7 5.Bg2 O-O 6.O-O Nbd7 7.Nc3 e5 8.e4 b6 9.Re1 Bb7 10.d5 Nh5 11.Nh4 Ba6 12.b3 Bf6 13.Nf3 Rb8 14.a4 Bc8 15.a5 bxa5 16.Rxa5 a6 17.Be3 c5 18.Ra3 Bg7 19.Nd2 Ndf6 20.f3 h6 21.Ne2 g5 22.g4 Nf4 23.Ng3 Nd3 24.Rf1 Nb4 25.Nf5 Bxf5 26.exf5 Nh7 27.Ne4 Nf6 28.Qd2 Nxe4 29.fxe4 f6 30.h4 Rf7 31.hxg5 hxg5 32.Bf3 Bf8 33.Kg2 Rh7 34.Raa1 Rbb7 35.Rh1 Rxh1 36.Rxh1 Rh7 37.Rxh7 Kxh7 38.Kf1 Qa5 39.Bd1 Qa1 40.Qc1 Qa2 41.Bd2 a5 42.Bxb4 axb4 1/2-1/2

[Event "Nagoya Open"]
[Date "2007.05.27"]
[Round "5"]
[White "Fujisawa,H"]
[Black "Robertson,P"]
[Result "1-0"]
[WhiteElo "1735"]
[BlackElo "1549"]
1.c4 f5 2.Nc3 Nf6 3.Nf3 g6 4.g3 Bg7 5.Bg2 O-O 6.O-O d6 7.d4 Qe8 8.d5 Na6 9.Ng5 h6 10.Ne6 Bxe6 11.dxe6 c6 12.e4 Nxe4 13.Nxe4 fxe4 14.Bxe4 Nc7 15.Qg4 Rf6 16.Be3 Rxe6 17.Bd3 Qf7 18.Rab1 Rf6 19.Qd7 e5 20.Qxf7+ Kxf7 21.f4 exf4 22.Bxf4 Kg8 23.c5 Nd5 24.Bxd6 Rxf1+ 25.Rxf1 Bd4+ 26.Kh1 Kg7 27.Bc4 Nf6 28.Rd1 Bf2 29.Be5 Rf8 30.Rd7+ Kh8 31.Bf7 Kg7 32.Bc4+ Kh8 33.b4 Be1 34.Rxb7 a5 35.a3 axb4 36.axb4 Bd2 37.b5 cxb5 38.Rxb5 g5 39.c6 Kg7 40.c7 Kg6 41.Bd3+ Kh5 42.Bxf6 Kg4 43.c8=Q+ Rxc8 44.Bf5+ 1-0

[Event "Nagoya Open"]
[Date "2007.05.27"]
[Round "5"]
[White "Morimoto,D"]
[Black "Yokomizo,Y"]
[Result "0-1"]
[WhiteElo "1412"]
[BlackElo "1607"]
1.e4 c5 2.Nf3 g6 3.Nc3 Bg7 4.b3 a6 5.Bb2 d6 6.Be2 e5 7.Nd5 Nc6 8.c4 Nge7 9.O-O Nxd5 10.cxd5 Ne7 11.d3 O-O 12.Bc1 h6 13.Be3 Kh7 14.Nd2 b6 15.Bg4 Bb7 16.f4 exf4 17.Bxf4 Bxa1 18.Qxa1 f5 19.Be2 g5 20.Bg3 f4 21.Be1 Ng6 22.Nf3 g4 23.Nd2 Qg5 24.Bd1 Ne5 25.Nc4 Nxd3 26.Nxd6 f3 27.Bc2 Qe3+ 28.Bf2 Nxf2 29.Rxf2 fxg2 30.e5+ Kg8 31.Nf5 Qg5 32.d6 Bf3 33.Ne7+ Kf7 34.Bg6+ Ke6 35.Qc3 Qxe5 36.Qc4+ Kd7 37.Qc1 Kxd6 38.Nf5+ Kc6 39.Ne3 Rad8 40.b4 Qxe3 0-1

[Event "Nagoya Open"]
[Date "2007.05.27"]
[Round "5"]
[White "Iwaki,R"]
[Black "Beheshiti"]
[Result "0-1"]
[WhiteElo "400"]
[BlackElo "1154"]
1.e4 c5 2.Nf3 d6 3.d4 cxd4 4.Nxd4 Nf6 5.Nc3 a6 6.Bg5 e6 7.f4 Be7 8.Qf3 Nbd7 9.g4 h6 10.Bxf6 Bxf6 11.f5 Bxd4 12.fxe6 fxe6 13.Bc4 Ne5 14.Qe2 O-O 15.Bd3 b5 16.Qg2 Bb7 17.O-O-O Qg5+ 18.Kb1 Rf2 19.Qg3 Raf8 20.h4 Qxg4 21.Qxg4 Nxg4 22.Bf1 Ne3 23.Bh3 Nxd1 24.Nxd1 Re2 25.Bxe6+ Kh8 26.Bf5 Bxe4 27.Bxe4 Rxe4 28.a3 Re2 29.c3 Be5 30.Ka2 Re8 31.Rf1 Kg8 0-1